| 000 | 00824nam a2200289 i 4500 | ||
|---|---|---|---|
| 001 | bg | ||
| 100 | 1 | _aMajcher, Marta. | |
| 245 | 0 |
_aJak inwestować w Unii Europejskiej / _cMarta Majcher, Piotr Maziarek. |
|
| 250 | _aWyd.2 uaktual. | ||
| 260 |
_aWarszawa : _bKomisja Nadzoru Finansowego, _c2007. |
||
| 300 |
_a36 s. : _bil. kolor ; _c21 cm. |
||
| 490 | 1 | _aPoradnik Inwestora | |
| 521 | 8 | _aDo celów edukacyjnych. | |
| 650 | 9 |
_aPapiery wartościowe _xinwestycje _zkraje Unii Europejskiej |
|
| 655 | _aPoradniki | ||
| 700 | 1 | _aMaziarek, Piotr. | |
| 830 | _aPoradnik Inwestora | ||
| 020 | _a9788392481317 | ||
| 040 | _cBPK | ||
| 041 | 0 | _apol | |
| 044 | _aPOL | ||
| 080 | _a336.764/.768(4-67) | ||
| 920 | _a978-83-924813-1-7 | ||
| 942 | _cKS | ||
| 008 | s pl f |000 0 pol | ||
| 999 |
_c49581 _d49581 |
||
| 856 |
_uhttp://koha.tu.koszalin.pl/cgi-bin/koha/opac-detail.pl?biblionumber=49581 _yKatalog online BPK |
||